| 000 | 00434cam a2200181ua 4500 | ||
|---|---|---|---|
| 020 | _cRs 2.50 | ||
| 041 |
_amal _h |
||
| 082 |
_a894.812 308 _bEVG/AA |
||
| 100 | _aEVG, . | ||
| 245 |
_aAarkum vendatha manushyan / _cEVG. _hTextual Documents |
||
| 250 |
_a1 / _b. |
||
| 260 |
_aKodungallur : _bKerala Book House , _c1959. |
||
| 300 | _a187 ; . | ||
| 365 | _aRs 2.50 | ||
| 504 | _a | ||
| 942 | _cBK | ||
| 999 |
_c4097 _d4097 |
||